000 00291nam a22001097a 4500
008 260601b |||||||| |||| 00| 0 eng d
100 _aPoorna Prajna Samshodhan Trust
245 _aPrajna Vol No IX
260 _aBangalore
_bPoorna Prajna Samshodhan Trust
_c2014
300 _a154p
942 _2ddc
999 _c1501
_d1501